| 000 | 00802nac a22002051u 4500 | ||
|---|---|---|---|
| 008 | 100907t xxu||||| |||| 00| 0 eng d | ||
| 010 | _a 2006045974 | ||
| 020 | _a9781405133708 (alk. paper) | ||
| 020 | _a1405133708 (alk. paper) | ||
| 082 | 0 | 0 |
_a624.15136 _bSMI |
| 100 |
_aSmith, Ian. _918460 |
||
| 245 | 1 | 0 |
_aSmith's Elements of Soil Mechanics / _cIan Smith |
| 250 | _a8th ed. | ||
| 260 |
_aMalden, MA : _bBlackwell Pub.,2006 _c2006. |
||
| 300 |
_axiv,538 p. : _bill. ; _c22 cm. |
||
| 504 | _aIncludes bibliographical references and index. | ||
| 650 | 0 |
_aSoil mechanics. _918461 |
|
| 942 |
_cBB _k624.15136 SMI _2ddc |
||
| 999 |
_c2485 _d2485 |
||